000 00311nam a22001337a 4500
008 170923b xxu||||| |||| 00| 0 eng d
020 _a9781603290241
041 _aeng
080 _a37
100 _a46
101 _aEDU
245 _aMLA HANDBOOK FOR WRITERS OF RESEARCH PAPERS
_cFEAL, R.G
942 _2udc
_cBK
999 _c29304
_d29304